The Berenstain Bears' new pup / (Record no. 4266)

MARC details
000 -LEADER
fixed length control field 01422cam a2200433 a 4500
001 - CONTROL NUMBER
control field 4266
003 - CONTROL NUMBER IDENTIFIER
control field FISKH
005 - DATE AND TIME OF LATEST TRANSACTION
control field 20241028160419.0
008 - FIXED-LENGTH DATA ELEMENTS--GENERAL INFORMATION
fixed length control field 040402s2005 nyua b 000 1 eng
010 ## - LIBRARY OF CONGRESS CONTROL NUMBER
LC control number 2004006237
020 ## - INTERNATIONAL STANDARD BOOK NUMBER
International Standard Book Number 0060583436
020 ## - INTERNATIONAL STANDARD BOOK NUMBER
International Standard Book Number 9780060583446
020 ## - INTERNATIONAL STANDARD BOOK NUMBER
International Standard Book Number 0060583444 (lib. bdg.)
040 ## - CATALOGING SOURCE
Original cataloging agency DLC
Transcribing agency DLC
Modifying agency DLC
Language of cataloging eng
042 ## - AUTHENTICATION CODE
Authentication code lcac
050 ## - LIBRARY OF CONGRESS CALL NUMBER
Classification number PZ7.B4483
082 ## - DEWEY DECIMAL CLASSIFICATION NUMBER
Classification number 813.6
100 1# - MAIN ENTRY--PERSONAL NAME
Personal name Berenstain, Stan,
Dates associated with a name 1923-2005.
245 14 - TITLE STATEMENT
Title The Berenstain Bears' new pup /
Statement of responsibility, etc. Stan & Jan Berenstain.
260 ## - PUBLICATION, DISTRIBUTION, ETC.
Place of publication, distribution, etc. New York :
Name of publisher, distributor, etc. HarperCollins,
Date of publication, distribution, etc. 2005.
300 ## - PHYSICAL DESCRIPTION
Extent 28 unnumbered pages :
Other physical details color illustrations ;
Dimensions 23 cm
440 #3 - SERIES STATEMENT/ADDED ENTRY--TITLE
Title An I can read book
500 ## - GENERAL NOTE
General note "Beginning reading 1"
500 ## - GENERAL NOTE
General note "I can read!"
505 ## - FORMATTED CONTENTS NOTE
Formatted contents note I<br/><br/>
520 ## - SUMMARY, ETC.
Summary, etc. Mama, Sister, and Brother are excited about the puppy they bring home from Farmer Ben's farm, even though she takes a lot of care.
521 ## - TARGET AUDIENCE NOTE
Target audience note 460<br/>
Source Lexile estimate <br/>
521 ## - TARGET AUDIENCE NOTE
Target audience note I<br/>
Source Raz-Plus <br/>
650 #1 - SUBJECT ADDED ENTRY--TOPICAL TERM
Topical term or geographic name entry element Pets
Form subdivision Fiction.
650 #1 - SUBJECT ADDED ENTRY--TOPICAL TERM
Topical term or geographic name entry element Dogs
Form subdivision Fiction.
650 #1 - SUBJECT ADDED ENTRY--TOPICAL TERM
Topical term or geographic name entry element Animals
General subdivision Infancy
Form subdivision Fiction.
650 #1 - SUBJECT ADDED ENTRY--TOPICAL TERM
Topical term or geographic name entry element Responsibility
Form subdivision Fiction.
650 #1 - SUBJECT ADDED ENTRY--TOPICAL TERM
Topical term or geographic name entry element Bears
Form subdivision Fiction.
700 1# - ADDED ENTRY--PERSONAL NAME
Personal name Berenstain, Jan,
Dates associated with a name 1923-2012.
Relator term Author
906 ## - LOCAL DATA ELEMENT F, LDF (RLIN)
a 7
b cbc
c orignew
d 1
e ecip
f 20
g y-gencatlg
942 ## - ADDED ENTRY ELEMENTS (KOHA)
Source of classification or shelving scheme Dewey Decimal Classification
Koha item type Books
Suppress in OPAC No
Holdings
Withdrawn status Lost status Source of classification or shelving scheme Damaged status Not for loan Collection Home library Current library Shelving location Date acquired Total Checkouts Full call number Barcode Date last seen Date last checked out Price effective from Koha item type Copy number
    Dewey Decimal Classification     Juvenile Fiction Footprints International School Library Network Toul Kork Campus Footprints International School Library Network Toul Kork Campus TK Primary Library Room(4th Floor), Bookcase 1&2, Shelves 1-16, Dark Blue Books 07/11/2024 3 BER 813.6 PZ7.B4483 FISTK01125 03/12/2025 03/05/2025 07/11/2024 Books  
    Dewey Decimal Classification     Juvenile Fiction Footprints International School Library Network Toul Kork Campus Footprints International School Library Network Toul Kork Campus TK Primary Library Room(4th Floor), Bookcase 1&2, Shelves 1-16, Dark Blue Books 10/18/2024 2 BER 813.6 PZ7.B4483 2024-2168 10/23/2025 10/16/2025 10/18/2024 Books 2
    Dewey Decimal Classification     Juvenile Fiction Footprints International School Library Network Toul Kork Campus Footprints International School Library Network Toul Kork Campus TK Primary Library Room(4th Floor), Bookcase 1&2, Shelves 1-16, Dark Blue Books 10/28/2024   BER 813.6 PZ7.B4483 2024-2246 10/28/2024   10/28/2024 Books 3